[Event "COL-ch U1700"]
[Site "Pereira"]
[Date "2019.03.25"]
[Round "8"]
[White "Orozco Fernandez, Eliana Andrea"]
[Black "Mesa, Francisco Sr"]
[Result "1-0"]
[WhiteElo "1226"]
[BlackElo "1545"]
[PlyCount "35"]
[EventDate "2019.03.21"]
[EventType "swiss"]
[EventRounds "9"]
[EventCountry "COL"]
[SourceTitle "CBM 189 Extra"]
[Source "ChessBase"]
[SourceDate "2019.05.31"]
[SourceVersion "1"]
[SourceVersionDate "2019.05.31"]
[SourceQuality "1"]

1. e4 e5 2. Nf3 Nc6 3. Bc4 h6 4. d3 Nf6 5. Nc3 d6 6. h3 Be7 7. 0-0 0-0 8. Be3 Na5 9. Bb3 Nxb3 10. axb3 b6 11. Qd2 Kh7 12. Ne2 Ng8 13. Ng3 f5 14. exf5 Bxf5 15. Nxf5 Rxf5 16. Qe2 Qd7 17. Bd2 a5 18. Qe4 1-0

[Event "COL-ch Amateur U1700"]
[Site "Bogota"]
[Date "2017.03.05"]
[Round "6"]
[White "Mesa, Francisco Sr"]
[Black "Perez Barajas, Santiago"]
[Result "1-0"]
[WhiteElo "1613"]
[BlackElo "1424"]
[PlyCount "50"]
[EventDate "2017.03.02"]
[EventType "swiss"]
[EventRounds "7"]
[EventCountry "COL"]
[SourceTitle "CBM 177 Extra"]
[Source "ChessBase"]
[SourceDate "2017.04.27"]
[SourceVersion "1"]
[SourceVersionDate "2017.04.27"]
[SourceQuality "1"]

1. e4 e6 2. Nf3 d5 3. e5 c5 4. b4 Nc6 5. bxc5 Bxc5 6. d4 Be7 7. c3 Nh6 8. Bxh6 gxh6 9. Bd3 Bd7 10. Nbd2 Qc7 11. 0-0 0-0-0 12. Qc2 f6 13. exf6 Bxf6 14. Rfe1 e5 15. dxe5 Nxe5 16. Nxe5 Bxe5 17. Nf3 Rde8 18. Nxe5 Rxe5 19. Rxe5 Qxe5 20. Rc1 Qg7 21. g3 Bh3 22. Bf1 Bxf1 23. Kxf1 Rd8 24. Qd2 b6 25. Qf4 b5 1-0

[Event "COL pre olympic sf2"]
[Site "Cartagena"]
[Date "2016.05.05"]
[Round "2"]
[White "Mesa, Francisco Sr"]
[Black "Ossa Quintero, Vladimir Andrey"]
[Result "0-1"]
[WhiteElo "1551"]
[BlackElo "1955"]
[PlyCount "60"]
[EventDate "2016.05.04"]
[EventType "swiss"]
[EventRounds "9"]
[EventCountry "COL"]
[SourceTitle "CBM 172 Extra"]
[Source "ChessBase"]
[SourceDate "2016.06.21"]
[SourceVersion "1"]
[SourceVersionDate "2016.06.21"]
[SourceQuality "1"]

1. e4 d6 2. d4 Nf6 3. Bd3 g6 4. c4 Bg7 5. Nc3 0-0 6. Nf3 c5 7. 0-0 cxd4 8. Nxd4 Nc6 9. Be3 Ng4 10. Be2 Nxe3 11. fxe3 Nxd4 12. exd4 Qb6 13. Nd5 Qxd4+ 14. Kh1 Qxe4 15. Bf3 Qh4 16. g3 Qg5 17. Qe2 e6 18. Nf4 Bd7 19. Nh3 Qc5 20. Rab1 Rab8 21. b4 Qb6 22. b5 Rbc8 23. a4 Rc5 24. Rfc1 Rfc8 25. Nf2 d5 26. Qa2 Rxc4 27. Rxc4 Rxc4 28. a5 Qe3 29. Bg2 Rc1+ 30. Rxc1 Qxc1+ 0-1

[Event "COL-ch Seniors"]
[Site "Medellin"]
[Date "2009.12.??"]
[Round "5.13"]
[White "Caro, Emilio"]
[Black "Mesa, Francisco Sr"]
[Result "1-0"]
[WhiteElo "1896"]
[BlackElo "1608"]
[PlyCount "63"]
[EventDate "2009.12.03"]
[EventType "swiss"]
[EventRounds "7"]
[EventCountry "COL"]
[SourceTitle "EXT 2024"]
[Source "ChessBase"]
[SourceDate "2023.10.10"]
[SourceVersion "1"]
[SourceVersionDate "2023.10.10"]
[SourceQuality "1"]

1. e4 e6 2. Nf3 d5 3. e5 c5 4. b4 c4 5. a3 g6 6. d4 Be7 7. Be2 f6 8. 0-0 Nc6 9. b5 Na5 10. Nc3 Bd7 11. Re1 Qc7 12. Bf1 0-0-0 13. exf6 Bxf6 14. Bg5 b6 15. g3 Re8 16. Bf4 Qd8 17. Qd2 h6 18. h4 Rf8 19. Bg2 Nb7 20. a4 Qe8 21. Nxd5 Qf7 22. Ne3 Ne7 23. Qb4 g5 24. Qxc4+ Nc5 25. hxg5 hxg5 26. Bd6 Kd8 27. dxc5 Bxa1 28. cxb6 axb6 29. Rxa1 Qf6 30. Be5 Qh6 31. Rd1 Rh7 32. Qc7+ 1-0

[Event "COL-ch Seniors"]
[Site "Medellin"]
[Date "2009.12.??"]
[Round "2.12"]
[White "Mesa, Francisco Sr"]
[Black "Zuluaga, Jaime"]
[Result "0-1"]
[WhiteElo "1608"]
[BlackElo "1717"]
[PlyCount "31"]
[EventDate "2009.12.03"]
[EventType "swiss"]
[EventRounds "7"]
[EventCountry "COL"]
[SourceTitle "EXT 2024"]
[Source "ChessBase"]
[SourceDate "2023.10.10"]
[SourceVersion "1"]
[SourceVersionDate "2023.10.10"]
[SourceQuality "1"]

1. e4 e5 2. Nf3 Nc6 3. Bb5 Nf6 4. 0-0 Be7 5. Re1 d6 6. c3 0-0 7. d3 h6 8. Nbd2 Be6 9. Nf1 Bg4 10. Ng3 Nh7 11. h3 Bd7 12. Ba4 Ng5 13. Bd2 Nxf3+ 14. Qxf3 Nd4 15. cxd4 Bxa4 16. Nf5 0-1